广西的12个世居民族 12 ethnic groups that have lived in Guangxi for generations - Statistics

General Stats
  • This quiz has been taken 9 times
  • The average score is 10 of 12
Answer Stats
人口/万人 主要聚居地市 民族 % Correct
3475 -- 汉族
100%
1851 南宁、柳州、来宾、河池、百色、崇左、防城港 壮族
100%
210 桂林、来宾、贺州、河池、百色 瑶族
89%
65 柳州、河池、百色 苗族
89%
42 柳州 侗族
89%
3 防城港 京族
89%
23 河池 仫佬族
78%
4 南宁、桂林、柳州、百色 回族
78%
2 河池 水族
78%
1.5 百色 彝族
78%
9.5 河池 毛南族
67%
0.55 百色 仡佬族
67%
No matching quizzes found
Score Distribution
Percent of People with Each Score
Percentile by Number Answered
Your Score History
You have not taken this quiz